000
00311nam a22001337a 4500
003
SGT
082
_a
616.024
_b
H01B
100
_a
BANERJEE,N.K.
245
_a
HOMOEOPATHY IN THE TREATMENT OF GONORTHEA SYPHILIS
260
_a
INDIA
_b
B.JAIN PUB
_c
2001
300
_a
240
650
_a
HOMOEOPATHIC
942
_2
ddc
_c
BK
999
_c
20478
_d
20478